Lucien Becker
Guardat en:
| Autor principal: | |
|---|---|
| Format: | Llibre |
| Idioma: | francès |
| Publicat: |
París
Pierre Seghers
1962
|
| Col·lecció: | Poetes d'aujourd'hui, 86
|
| Matèries: | |
| Etiquetes: |
Afegir etiqueta
Sense etiquetes, Sigues el primer a etiquetar aquest registre!
|
MARC
| LEADER | 00000nam a2200000 a 4500 | ||
|---|---|---|---|
| 001 | UCY4530 | ||
| 003 | CL-VaPUC | ||
| 008 | 950315e19620000FR |||||||||||||||||fre|d | ||
| 082 | 0 | 4 | |a 861.09 |b PUE |2 21 |
| 100 | 0 | |a Puel, Gaston |e author |9 333018 | |
| 245 | 1 | 0 | |a Lucien Becker |
| 300 | |a 206 p | ||
| 942 | |c BK | ||
| 945 | |d 19950315 00:00:00 |a mfernand | ||
| 260 | |a París |b Pierre Seghers |c 1962 | ||
| 600 | 0 | 7 | |a BECKER, LUCIEN |2 CL-VaPUC |9 333019 |
| 650 | 0 | |a Crítica e interpretación |9 255042 | |
| 583 | |a last modification |c 19950315 00:00:00 |k Rodrigo Vera | ||
| 490 | 0 | |a Poetes d'aujourd'hui, 86 | |
| 999 | |c 232364 |d 232362 | ||
| 952 | |0 0 |1 0 |4 0 |6 861_090000000000000_PUE_1962 |7 0 |8 P |9 236558 |a BIBART |b BIBART |d 2019-11-15 |i 3062430 |o 861.09 PUE 1962 |p 3062430 |r 2025-03-13 |w 2019-11-15 |y BK |k ART | ||